Top 100 College Football Players - 2024 - Statistics

General Stats
  • This quiz has been taken 423 times
  • The average score is 37 of 100
Answer Stats
# Player School Position % Correct
3 Travis Hunter Colorado CB / WR
94%
7 Carson Beck Georgia QB
83%
4 Will Johnson Michigan CB
83%
24 Shedeur Sanders Colorado QB
82%
23 Quinn Ewers Texas QB
81%
25 Ashton Jeanty Boise State RB
79%
22 Jalen Milroe Alabama QB
78%
18 Tez Johnson Oregon WR
78%
93 Avery Johnson Kansas State QB
76%
5 Luther Burden III Missouri WR
76%
16 Dillon Gabriel Oregon QB
75%
8 Ollie Gordon II Oklahoma State RB
73%
2 Mason Graham Michigan DT
69%
13 Tetairoa McMillan Arizona WR
69%
56 Cam Ward Miami QB
68%
41 Jaxson Dart Ole Miss QB
68%
6 Will Campbell LSU OL
66%
11 Caleb Downs Ohio State S
65%
34 Quinshon Judkins Ohio State RB
65%
10 Malaki Starks Georgia S
64%
26 Colston Loveland Michigan TE
62%
35 TreVeyon Henderson Ohio State RB
62%
1 James Pearce Jr. Tennessee DE
61%
89 Jason Henderson Old Dominion LB
61%
28 Emeka Egbuka Ohio State WR
60%
20 Abdul Carter Penn State LB
56%
15 Barrett Carter Clemson LB
53%
40 Jalon Daniels Kansas QB
52%
9 Kelvin Banks Jr. Texas OL
52%
27 Omarion Hampton North Carolina RB
52%
38 Tre Harris Ole Miss WR
50%
58 Tyleik Williams Ohio State DT
49%
30 Mykel Williams Georgia DE
48%
72 Donovan Edwards Michigan RB
47%
53 Cam Rising Utah QB
46%
65 Brady Cook Missouri QB
45%
14 Harold Perkins Jr. LSU LB
45%
82 Riley Leonard Notre Dame QB
45%
33 Jack Sawyer Ohio State DE
43%
12 Benjamin Morrison Notre Dame CB
42%
51 Noah Fifita Arizona QB
41%
91 Miller Moss USC QB
40%
86 Isaiah Bond Texas WR
39%
83 Trevor Etienne Georgia RB
37%
21 Deone Walker Kentucky DT
35%
67 Jalon Walker Georgia LB
35%
69 Kaytron Allen Penn State RB
35%
92 Nico Iamaleava Tennessee QB
35%
66 Xavier Restrepo Miami WR
35%
81 Conner Weigman Texas A&M QB
32%
55 Tory Horton Colorado State WR
31%
57 Donovan Jackson Ohio State OL
30%
76 Landon Jackson Arkansas DE
30%
42 Jaydn Ott California RB
29%
78 Zachariah Branch USC WR
28%
71 Kaidon Salter Liberty QB
27%
77 Cobee Bryant Kansas CB
26%
99 Malachi Moore Alabama S
26%
49 Trey Moore Texas DE
26%
52 Xavier Watts Notre Dame S
26%
80 Denzel Burke Ohio State CB
25%
47 Emery Jones Jr. LSU OL
25%
75 Kenneth Grant Michigan DT
25%
46 Damien Martinez Miami RB
24%
29 Nic Scourton Texas A&M DE
24%
17 Tate Ratledge Georgia OL
24%
31 Tyler Booker Alabama OL
24%
32 Danny Stutsman Oklahoma LB
23%
37 Tahj Brooks Texas Tech RB
22%
98 Aydan White NC State CB
21%
79 Ricky White III UNLV WR
21%
87 Preston Stone SMU QB
19%
64 Anthony Hill Jr. Texas LB
17%
48 Kevin Concepcion NC State WR
17%
96 Mitchell Evans Notre Dame TE
16%
50 Peter Woods Clemson DT
16%
94 Tacario Davis Arizona CB
16%
70 Jabbar Muhammad Oregon CB
15%
43 Rueben Bain Jr. Miami DE
14%
84 Maxwell Hairston Kentucky CB
13%
100 Azareye'h Thomas Florida State CB
12%
73 Billy Bowman Jr. Oklahoma S
12%
74 Deion Burks Oklahoma WR
12%
44 Patrick Payton Florida State DE
12%
60 Deontae Lawson Alabama LB
11%
36 Jay Higgins Iowa LB
11%
59 Aireontae Ersery Minnesota OL
10%
19 Sebastian Castro Iowa S
10%
61 Princely Umanmielen Ole Miss DE
9%
39 Ashton Gillotte Louisville DE
8%
45 Howard Cross III Notre Dame DT
8%
90 Quincy Riley Louisville CB
8%
95 Dillon Thieneman Purdue S
7%
63 Antwaun Powell-Ryland Virginia Tech DE
6%
88 Dorian Strong Virginia Tech CB
6%
85 Jonah Savaiinaea Arizona OL
6%
68 Parker Brailsford Alabama OL
6%
54 Clay Webb Jacksonville State OL
4%
97 Jalen Rivers Miami OL
3%
62 Ricardo Hallman Wisconsin CB
3%
No matching quizzes found
Score Distribution
Percent of People with Each Score
Percentile by Number Answered
Your Score History
You have not taken this quiz